Tilastot visalle Valtiot, joiden nimessä on kirjainyhdistelmä "ja"

Klikkaa tästä pelataksesi tätä visaa!

Yleistilastot

  • Tätä visaa on pelattu 97 kertaa
  • Keskiarvotulos 10 / 18

Vastaustilastot

VihjeVihjeVastaus% Oikein
BarbudajaAntigua
78%
TobagojaTrinidad
78%
NevisjaSaint Kitts
76%
GrenadiinitjaSaint Vincent
75%
AntiguajaBarbuda
69%
HertsegovinajaBosnia
69%
PrincipejaSão Tomé
68%
TrinidadjaTobago
64%
Sao TomejaPrincipe
60%
Saint VincentjaGrenadiinit
58%
BosniajaHertsegovina
58%
Saint KittsjaNevis
57%
jamaika
36%
japani
36%
NorjaNor
29%
EspanjaEspan
28%
n GuineajaPäiväntasaa
21%
Päiväntasaajan Guinea
19%

Tulosjakauma

Persentiili vastausten määrän mukaan

Jokaisen tuloksen saaneiden osuus

Tuloshistoriasi

Et ole pelannut tätä visaa